Shigley´s Mechanical Engineering Design /
Salvato in:
| Autori principali: | , |
|---|---|
| Natura: | Libro |
| Lingua: | inglese |
| Pubblicazione: |
New York
McGraw-Hill
2020
|
| Edizione: | 11th ed. |
| Soggetti: | |
| Tags: |
Nessun Tag, puoi essere il primo ad aggiungerne!!
|
MARC
| LEADER | 00000nam a22000003a 4500 | ||
|---|---|---|---|
| 001 | 0090711 | ||
| 003 | SK-STU | ||
| 005 | 20211006140042.3 | ||
| 007 | ta | ||
| 008 | 211006s ----xo-----e------000-0-----d | ||
| 020 | |a 978-1-260-56999-5 | ||
| 040 | |a STU |b slo | ||
| 041 | 0 | |a eng | |
| 044 | |a xxu | ||
| 100 | 1 | |a Budynas, Richard G. |4 aut | |
| 245 | 1 | 0 | |a Shigley´s Mechanical Engineering Design / |c aut. Richard G Budynas, J. Keith Nisbett |
| 250 | |a 11th ed. | ||
| 260 | |a New York |b McGraw-Hill |c 2020 | ||
| 300 | |a 1095 s. | ||
| 650 | 0 | 7 | |a konštruovanie |
| 650 | 0 | 7 | |a konštruovanie v strojárstve |
| 700 | 1 | |a Nisbett, J. Keith |4 aut | |
| 996 | |b 284M088850 |c M* 14503-1 |l MMKN |s A |a 24 |w 0090711_0001 | ||